[Event "Sparkassen-Open A"]
[Site "Heusenstamm, Martinsee"]
[Date "2023.11.24"]
[Round "3.71"]
[White "Rutsatz, Mario"]
[Black "Drewes, Thomas"]
[Result "1-0"]
[WhiteElo "1922"]
[BlackElo "1631"]
[PlyCount "93"]
[EventDate "2023.??.??"]
[WhiteTeam "SC 1961 König Nied"]
[BlackTeam "SV Würzburg von 1865 e.V."]

1. Nf3 d5 2. c4 c6 3. g3 Nf6 4. Bg2 Bf5 5. O-O e6 6. d3 h6 7. Qb3 Qb6 8. Nc3 Nbd7 9. cxd5 Qxb3 10. axb3 exd5 11. e4 dxe4 12. dxe4 Be6 13. Nd4 Be7 14. Nxe6 fxe6 15. Bh3 Kf7 16. Be3 a6 17. f3 Bc5 18. Kf2 Rhd8 19. Rfd1 Bxe3+ 20. Kxe3 Ke7 21. Ne2 Nf8 22. Nf4 g5 23. Nd3 h5 24. Bf1 N8d7 25. Ra5 e5 26. Nxe5 c5 27. Nxd7 Nxd7 28. b4 b6 29. Rxa6 cxb4 30. Rxa8 Rxa8 31. Rd4 Ra1 32. Bh3 Nc5 33. Rd2 Re1+ 34. Kf2 Rc1 35. e5 b3 36. Bf5 Rh1 37. Kg2 Re1 38. f4 gxf4 39. gxf4 Ne6 40. Bxe6 Kxe6 41. Kf2 Re4 42. Rd6+ Kf5 43. Rf6+ Kg4 44. h3+ Kxh3 45. Kf3 Re1 46. Rxb6 Rg1 47. e6 1-0

[Event "Sparkassen-Open A"]
[Site "Heusenstamm, Martinsee"]
[Date "2023.11.24"]
[Round "3.72"]
[White "John, Volkmar"]
[Black "Derr, Oleg"]
[Result "1/2-1/2"]
[WhiteElo "1646"]
[BlackElo "1808"]
[PlyCount "72"]
[EventDate "2023.??.??"]
[WhiteTeam "SK Herborn 1946"]
[BlackTeam "VSG 1880 Offenbach"]

1. c4 e5 2. g3 c6 3. d4 e4 4. Bg2 Nf6 5. Nc3 d5 6. cxd5 cxd5 7. Bg5 Nbd7 8. Nh3 h6 9. Bxf6 Nxf6 10. e3 Be7 11. O-O O-O 12. Nf4 b6 13. Qe2 Kh8 14. Qc2 Ba6 15. Rfc1 g5 16. Nh3 Qd7 17. Qd1 Rac8 18. Qa4 Qxa4 19. Nxa4 Bb4 20. Nc3 Bxc3 21. Rxc3 Rxc3 22. bxc3 Rc8 23. Rc1 Bd3 24. f4 exf3 25. Bxf3 Be4 26. Be2 Bf5 27. Nf2 Re8 28. Nd1 Ng4 29. Bxg4 Bxg4 30. Kf2 Rc8 31. Nb2 Bf5 32. Ke2 Kg7 33. Kd2 Be6 34. a3 h5 35. h4 f6 36. Rf1 Rc7 1/2-1/2

[Event "Sparkassen-Open A"]
[Site "Heusenstamm, Martinsee"]
[Date "2023.11.24"]
[Round "3.73"]
[White "Wachsmann, Elmar"]
[Black "Boscher, Hans"]
[Result "1-0"]
[WhiteElo "1908"]
[BlackElo "1625"]
[PlyCount "65"]
[EventDate "2023.??.??"]
[WhiteTeam "SC Groß?-Umstadt"]
[BlackTeam "SC Bad Soden"]

1. d4 Nf6 2. c4 e6 3. Nc3 Bb4 4. Bd2 O-O 5. Nf3 d5 6. e3 Nbd7 7. Rc1 b6 8. Bd3 dxc4 9. Bxc4 Bb7 10. O-O Qe7 11. a3 Bxc3 12. Bxc3 Rfd8 13. Qe2 Ne4 14. Be1 c5 15. dxc5 Ndxc5 16. b4 Nd7 17. Nd4 Rac8 18. f3 Nd6 19. Bf2 Nxc4 20. Rxc4 Rxc4 21. Qxc4 Rc8 22. Qe2 e5 23. Nf5 Qe6 24. e4 g6 25. Nh6+ Kg7 26. Qd2 Nf8 27. Bh4 f6 28. Rd1 g5 29. Nf5+ Kg8 30. Bxg5 fxg5 31. Qxg5+ Ng6 32. Rd6 Qe8 33. Qf6 1-0

[Event "Sparkassen-Open A"]
[Site "Heusenstamm, Martinsee"]
[Date "2023.11.24"]
[Round "3.74"]
[White "Alt, Johannes"]
[Black "Winter, Lars"]
[Result "1/2-1/2"]
[WhiteElo "1557"]
[BlackElo "1896"]
[PlyCount "59"]
[EventDate "2023.??.??"]
[WhiteTeam "Sfr.Heidesheim"]
[BlackTeam "SV 1926 Fechenheim"]

1. d4 Nf6 2. Nf3 c5 3. c3 cxd4 4. cxd4 d5 5. Bf4 Nc6 6. e3 e6 7. Nc3 a6 8. Bd3 b5 9. O-O Bd6 10. Bg3 Bb7 11. Ne5 Bxe5 12. dxe5 Nd7 13. f4 Nc5 14. Bf2 Nxd3 15. Qxd3 O-O 16. Ne2 Rc8 17. Nd4 Nxd4 18. exd4 Qc7 19. Be3 Qc2 20. Qxc2 Rxc2 21. Rf2 Rfc8 22. Rd1 Kf8 23. Rxc2 Rxc2 24. Rd2 Rc4 25. Kf2 Ke8 26. Ke2 Kd7 27. Kd3 g6 28. Rc2 h5 29. b3 Rxc2 30. Kxc2 1/2-1/2

[Event "Sparkassen-Open A"]
[Site "Heusenstamm, Martinsee"]
[Date "2023.11.24"]
[Round "3.75"]
[White "Kalepky, Helmut"]
[Black "Köhlich, Viktor"]
[Result "1-0"]
[WhiteElo "1912"]
[BlackElo "1608"]
[PlyCount "95"]
[EventDate "2023.??.??"]
[WhiteTeam "Sfr.Heidesheim"]
[BlackTeam "SC Matt im Park Ffm"]

1. Nf3 Nf6 2. c4 e6 3. d4 b6 4. a3 Bb7 5. Nc3 Be7 6. e3 O-O 7. Bd3 d6 8. e4 Nbd7 9. O-O c5 10. Qe2 cxd4 11. Nxd4 a6 12. b3 Rc8 13. Bb2 Nc5 14. Bc2 Qc7 15. Rad1 Rfe8 16. Rd2 g6 17. f4 Ncd7 18. Nf3 Ng4 19. Re1 d5 20. e5 dxc4 21. Nd4 cxb3 22. Bxb3 h5 23. h3 Nh6 24. Nxe6 Bc5+ 25. Nxc5 Qxc5+ 26. Kh2 Nf6 27. Qd1 Nhg4+ 28. hxg4 Nxg4+ 29. Kg3 Rcd8 30. Bd5 Bxd5 31. Nxd5 Rxd5 32. Rxd5 Qf2+ 33. Kh3 Qxf4 34. g3 Nf2+ 35. Kg2 Nxd1 36. gxf4 Nxb2 37. Rc1 b5 38. Rc6 Nc4 39. Kf3 Nxa3 40. Rxa6 b4 41. Rb6 Nc2 42. Rd7 Rc8 43. Rbb7 Rc3+ 44. Kf2 b3 45. Rxf7 Nb4 46. e6 Nd3+ 47. Kg2 Rc8 48. Rg7+ 1-0

[Event "Sparkassen-Open A"]
[Site "Heusenstamm, Martinsee"]
[Date "2023.11.24"]
[Round "3.76"]
[White "Papadopoulos, Leon"]
[Black "Mester, Philipp"]
[Result "0-1"]
[WhiteElo "1546"]
[BlackElo "1806"]
[PlyCount "72"]
[EventDate "2023.??.??"]
[WhiteTeam "SV Oberursel"]
[BlackTeam "SVG CAISSA Kassel"]

1. e4 e5 2. Nf3 Nc6 3. Bc4 Bc5 4. O-O Nf6 5. d4 Bxd4 6. Nxd4 Nxd4 7. f4 d6 8. fxe5 dxe5 9. Bg5 Qe7 10. Na3 Bd7 11. Qd2 O-O-O 12. Qf2 Qc5 13. c3 Ne6 14. Bxf6 gxf6 15. Rae1 Qxf2+ 16. Rxf2 Nf4 17. Kf1 Be6 18. Bxe6+ fxe6 19. Rb1 Rhf8 20. Nc4 Nd3 21. Rf3 Nc5 22. Re3 Rd3 23. Rxd3 Nxd3 24. Ke2 Nf4+ 25. Kf3 Re8 26. g3 Ng6 27. Rf1 f5 28. Re1 h5 29. Ne3 f4 30. Ng2 Rd8 31. gxf4 exf4 32. e5 Rd3+ 33. Kf2 f3 34. Ne3 Nxe5 35. Nf1 Ng4+ 36. Kg3 f2+ 0-1

[Event "Sparkassen-Open A"]
[Site "Heusenstamm, Martinsee"]
[Date "2023.11.24"]
[Round "3.77"]
[White "Scherf, Karl-Heinrich"]
[Black "Sasikumar Anitha, Sarvesh"]
[Result "1-0"]
[WhiteElo "1911"]
[BlackElo "1466"]
[PlyCount "103"]
[EventDate "2023.??.??"]
[WhiteTeam "SF Neuberg"]
[BlackTeam "SK 1858 Gieß?en"]

1. e4 e6 2. d4 d5 3. Nd2 c5 4. Ngf3 cxd4 5. exd5 exd5 6. Nxd4 Nc6 7. N2b3 Nf6 8. Be2 Be7 9. O-O O-O 10. Bf4 Qb6 11. Re1 Nxd4 12. Qxd4 Qxd4 13. Nxd4 a6 14. Bf3 Bc5 15. Rad1 b6 16. Nb3 Rd8 17. Bg5 Bb7 18. Nxc5 bxc5 19. c4 Rd6 20. Re2 Re8 21. Rxe8+ Nxe8 22. Bxd5 Bxd5 23. Rxd5 Rxd5 24. cxd5 f6 25. Be3 c4 26. Bf4 Kf7 27. Kf1 Ke7 28. Ke2 g5 29. Bb8 Nd6 30. Ke3 Nb5 31. Kd2 Nd6 32. f3 Nf5 33. f4 Nh4 34. fxg5 fxg5 35. g4 Nf3+ 36. Kc3 Ne1 37. Kxc4 Nc2 38. Kc3 Ne3 39. Kd4 Nxg4 40. Kc5 h5 41. Kc6 Kd8 42. b4 h4 43. a4 Nxh2 44. Bxh2 g4 45. Bf4 Kc8 46. d6 Kd8 47. Bg5+ Ke8 48. d7+ Kf7 49. d8=Q g3 50. Qf6+ Kg8 51. Bh6 g2 52. Qg7# 1-0

[Event "Sparkassen-Open A"]
[Site "Heusenstamm, Martinsee"]
[Date "2023.11.24"]
[Round "3.78"]
[White "Kulenovic, Adnan"]
[Black "Lee, Kwan Ho Matthew"]
[Result "1-0"]
[WhiteElo "1907"]
[BlackElo "1587"]
[PlyCount "87"]
[EventDate "2023.??.??"]
[WhiteTeam "SC Springer Rodenbach"]
[BlackTeam "SV Oberursel"]

1. c4 b6 2. e4 e5 3. Nc3 Bb7 4. g3 Nf6 5. Bg2 Nc6 6. Nge2 Bc5 7. Na4 Qe7 8. O-O O-O 9. d3 h6 10. Nxc5 Qxc5 11. Be3 Qe7 12. Nc3 Nd8 13. Rc1 d6 14. f4 Nh7 15. f5 f6 16. h4 Nf7 17. b4 a5 18. a3 axb4 19. axb4 Ra3 20. Qc2 Rfa8 21. Qb2 Nf8 22. c5 b5 23. Ra1 Rxa1 24. Rxa1 Qd7 25. Bf1 Qc6 26. Nd5 Kh7 27. Rc1 Qd7 28. g4 Bxd5 29. exd5 dxc5 30. Rxc5 Nd6 31. Qc1 Rc8 32. Bg2 Qf7 33. Rc6 Qd7 34. Bc5 Nxf5 35. gxf5 Qf7 36. Bxf8 Qxf8 37. d6 Qd8 38. Be4 Rb8 39. dxc7 Qd4+ 40. Kg2 Rc8 41. Qc3 Qa7 42. Rc5 Qa2+ 43. Qc2 Qa6 44. Bd5 1-0

[Event "Sparkassen-Open A"]
[Site "Heusenstamm, Martinsee"]
[Date "2023.11.24"]
[Round "3.79"]
[White "Zargaran, Sepas"]
[Black "Krychevskiy, Dmytro"]
[Result "0-1"]
[WhiteElo "1558"]
[BlackElo "1888"]
[PlyCount "116"]
[EventDate "2023.??.??"]
[WhiteTeam "VSG 1880 Offenbach"]
[BlackTeam "SV Oberursel"]

1. e4 e6 2. d4 d5 3. Nd2 c5 4. c3 a6 5. Ngf3 Nc6 6. Bd3 Nf6 7. O-O Be7 8. exd5 exd5 9. dxc5 Bxc5 10. Nb3 Be7 11. h3 O-O 12. Qc2 Be6 13. Nbd4 Rc8 14. Nxe6 fxe6 15. Ng5 Qd6 16. Bxh7+ Kh8 17. Bg6 Kg8 18. Qa4 Ne5 19. Qc2 Rc4 20. Re1 Rh4 21. f4 Qb6+ 22. Be3 Bc5 23. Qf2 Bxe3 24. Rxe3 Nxg6 25. Nxe6 Ne4 26. Rxe4 Qxf2+ 27. Kxf2 dxe4 28. Nxf8 Kxf8 29. g3 Rxh3 30. Kg2 Rh5 31. Re1 Rd5 32. Re2 Ne7 33. Kf2 Nf5 34. g4 Nd6 35. f5 b5 36. Kg3 Kf7 37. Kf4 Kf6 38. b3 g5+ 39. fxg6 Kxg6 40. c4 bxc4 41. bxc4 Rc5 42. Rc2 Kf6 43. Ke3 Ke5 44. Rh2 Nxc4+ 45. Ke2 Kd4 46. Rh8 Ne5 47. Rd8+ Rd5 48. Ra8 a5 49. g5 Ng6 50. Rb8 Rxg5 51. Rd8+ Rd5 52. Rb8 Nf4+ 53. Ke1 e3 54. Rb1 Rh5 55. Rd1+ Nd3+ 56. Ke2 Ke4 57. Rg1 Rh2+ 58. Kd1 Rd2# 0-1

[Event "Sparkassen-Open A"]
[Site "Heusenstamm, Martinsee"]
[Date "2023.11.24"]
[Round "3.80"]
[White "Kovalskyy, Alicia"]
[Black "Nagel, Matthias"]
[Result "1/2-1/2"]
[WhiteElo "1515"]
[BlackElo "1893"]
[PlyCount "54"]
[EventDate "2023.??.??"]
[WhiteTeam "Düsseldorfer SV 1854"]
[BlackTeam "SV 1920 Kelsterbach"]

1. e4 c5 2. Nf3 Nc6 3. d4 cxd4 4. Nxd4 e5 5. Nb5 d6 6. N1c3 a6 7. Na3 Be6 8. Bc4 b5 9. Bxe6 fxe6 10. Ne2 Be7 11. O-O Nf6 12. Ng3 O-O 13. c3 d5 14. Nc2 Qd7 15. Qe2 Rad8 16. Rd1 Bc5 17. Be3 Qa7 18. Bxc5 Qxc5 19. Rf1 d4 20. cxd4 exd4 21. Qd2 e5 22. Rfc1 Qb6 23. Nb4 Nxb4 24. Qxb4 d3 25. Rd1 Rd4 26. Qb3+ Kh8 27. Rxd3 Nxe4 1/2-1/2

[Event "Sparkassen-Open A"]
[Site "Heusenstamm, Martinsee"]
[Date "2023.11.24"]
[Round "3.81"]
[White "Rotärmel, Leonie"]
[Black "Sheng, Ming"]
[Result "0-1"]
[WhiteElo "1472"]
[BlackElo "1769"]
[PlyCount "119"]
[EventDate "2023.??.??"]
[WhiteTeam "SK Bad Homburg 1927"]
[BlackTeam "SC Rochade Saarlouis 1993 e.V."]

1. e4 c6 2. d4 d5 3. Nc3 dxe4 4. Nxe4 Bf5 5. Ng3 Bg6 6. h4 h6 7. h5 Bh7 8. Nf3 e6 9. Bd3 Bxd3 10. Qxd3 Nf6 11. Bd2 Be7 12. Ne4 Nbd7 13. O-O-O Nxe4 14. Qxe4 Nf6 15. Qe2 Qc7 16. g3 O-O-O 17. Bf4 Qa5 18. Qe5 Qxe5 19. Nxe5 Rhf8 20. c3 Bd6 21. Rde1 c5 22. dxc5 Bxc5 23. Be3 Ne4 24. Bxc5 Nxc5 25. Rd1 f6 26. Ng6 Rfe8 27. f3 e5 28. Rxd8+ Kxd8 29. Rd1+ Kc7 30. Nh4 e4 31. fxe4 Rxe4 32. Nf5 Rg4 33. Rd4 Rg5 34. g4 Nd7 35. Rc4+ Kb8 36. Rd4 Ne5 37. Ne3 Nc6 38. Rd5 Rxd5 39. Nxd5 Ne5 40. Ne3 Kc7 41. Kd2 Kd7 42. Ke2 Ke6 43. b3 Kf7 44. a4 g6 45. b4 gxh5 46. gxh5 Ke6 47. c4 f5 48. c5 f4 49. Nc2 Kd5 50. Ne1 Kc4 51. Nf3 Nxf3 52. Kxf3 Kxb4 53. Kxf4 Kxa4 54. Kf5 Kb5 55. Kg6 a5 56. Kxh6 a4 57. Kg6 a3 58. h6 a2 59. h7 a1=Q 60. Kf7 0-1

[Event "Sparkassen-Open A"]
[Site "Heusenstamm, Martinsee"]
[Date "2023.11.24"]
[Round "3.82"]
[White "Stümer, Paul"]
[Black "Arne, Jonas"]
[Result "1-0"]
[WhiteElo "2115"]
[BlackElo "1432"]
[PlyCount "49"]
[EventDate "2023.??.??"]
[WhiteTeam "SV Bergneustadt/Dersch"]
[BlackTeam "SG Kaiserslautern 1905"]

1. Nf3 b6 2. e4 c5 3. Bc4 Bb7 4. d3 e6 5. Qe2 Ne7 6. Nc3 g6 7. Bf4 d6 8. Nb5 e5 9. Nxd6+ Qxd6 10. Bxe5 Qc6 11. Bxh8 f6 12. Bd5 Qd7 13. Bxb7 Qxb7 14. Bxf6 Nd7 15. Bh4 O-O-O 16. O-O h6 17. c3 g5 18. Bg3 Nc6 19. h3 Bg7 20. d4 cxd4 21. cxd4 Nf6 22. d5 Nb8 23. Rac1+ Kd7 24. Qb5+ Ke7 25. Rc7+ 1-0

[Event "Sparkassen-Open A"]
[Site "Heusenstamm, Martinsee"]
[Date "2023.11.24"]
[Round "3.83"]
[White "Binner, Peter"]
[Black "Waffenschmidt, Joachim"]
[Result "0-1"]
[WhiteElo "1793"]
[BlackElo "2001"]
[PlyCount "70"]
[EventDate "2023.??.??"]
[WhiteTeam "Vorw.Orient Mainz"]
[BlackTeam "SV 1920 Hofheim"]

1. e4 c5 2. d3 g6 3. g3 Bg7 4. Bg2 Nc6 5. c3 b6 6. Ne2 e5 7. O-O Nge7 8. f4 d6 9. Be3 O-O 10. Nd2 d5 11. fxe5 Nxe5 12. Nf3 Ng4 13. Bf4 dxe4 14. dxe4 Ba6 15. Qe1 Qd3 16. Bg5 f6 17. Nf4 Qd7 18. Rd1 Qc8 19. Bh3 fxg5 20. Nxg5 Bxf1 21. Qxf1 c4 22. Qe2 h5 23. Nge6 Rxf4 24. Rd8+ Qxd8 25. Nxd8 Rf6 26. Qxc4+ Kh7 27. Ne6 Bh6 28. Bxg4 hxg4 29. e5 Rf5 30. Qc7 Be3+ 31. Kg2 Rf2+ 32. Kg1 Rf6+ 33. Kg2 Rxe6 34. Qd7 Rf8 35. Qxe6 Rf2+ 0-1

[Event "Sparkassen-Open A"]
[Site "Heusenstamm, Martinsee"]
[Date "2023.11.24"]
[Round "3.84"]
[White "Merz, Leander"]
[Black "Tremöhlen, Thomas"]
[Result "1/2-1/2"]
[WhiteElo "1743"]
[BlackElo "1976"]
[PlyCount "54"]
[EventDate "2023.??.??"]
[WhiteTeam "Schachforum Darmstadt 1994"]
[BlackTeam "Sportgemeinschaft Kaarst 1912/35"]

1. e4 c5 2. Nc3 Nc6 3. Bb5 g6 4. d3 Bg7 5. f4 e6 6. Bxc6 bxc6 7. Nf3 d5 8. O-O Rb8 9. Qe1 Nh6 10. f5 O-O 11. Qg3 Bd7 12. fxg6 fxg6 13. Bxh6 Bxh6 14. Ne5 Qe7 15. Na4 Bg7 16. Kh1 Bxe5 17. Qxe5 Rb4 18. Rxf8+ Qxf8 19. Qc7 Rxa4 20. Qxd7 Qf7 21. Qxc6 Rxa2 22. Re1 Rxb2 23. Kg1 Rxc2 24. Rf1 Qe7 25. exd5 exd5 26. Qxd5+ Kg7 27. h3 Re2 1/2-1/2

[Event "Sparkassen-Open A"]
[Site "Heusenstamm, Martinsee"]
[Date "2023.11.24"]
[Round "3.85"]
[White "Hank, Holger"]
[Black "Diehl, Stefan"]
[Result "1-0"]
[WhiteElo "1951"]
[BlackElo "1789"]
[PlyCount "105"]
[EventDate "2023.??.??"]
[WhiteTeam "Brühler SK 1920 e. V."]
[BlackTeam "SC 1910 Höchst"]

1. c4 f5 2. b3 Nf6 3. Bb2 e6 4. g3 c6 5. Bg2 d5 6. Nf3 Bd6 7. d3 O-O 8. O-O Qe7 9. Nc3 e5 10. cxd5 Nxd5 11. Nd2 Nxc3 12. Bxc3 Nd7 13. Nc4 Bc7 14. Qc2 Nb6 15. Qb2 Nxc4 16. bxc4 Rb8 17. Rab1 Bd7 18. a4 b5 19. cxb5 cxb5 20. Qa2+ Kh8 21. axb5 Bb6 22. Qd5 Rfe8 23. Bb4 Qe6 24. Qxe6 Rxe6 25. Bd5 Rg6 26. Bc3 Bd4 27. Bxd4 exd4 28. Ra1 Rd6 29. Bc4 Bxb5 30. Bxb5 Rxb5 31. Rxa7 h6 32. Kg2 Rb2 33. Kf3 Kh7 34. Re7 Rbb6 35. Rc1 Re6 36. Rxe6 Rxe6 37. Rc4 Rd6 38. Kf4 Rd5 39. h4 Kg6 40. Rc7 Kf6 41. Rc6+ Kf7 42. h5 Ke7 43. Rc7+ Kf6 44. Ra7 g5+ 45. hxg6 Kxg6 46. Ra6+ Kg7 47. Re6 Rd7 48. Re5 Kg6 49. f3 Rf7 50. Re6+ Kh5 51. Ke5 Rd7 52. Kxf5 Rf7+ 53. Ke4 1-0

[Event "Sparkassen-Open A"]
[Site "Heusenstamm, Martinsee"]
[Date "2023.11.24"]
[Round "3.86"]
[White "Bender, Tim"]
[Black "Woestmann, Ulrich"]
[Result "1-0"]
[WhiteElo "1669"]
[BlackElo "1937"]
[PlyCount "33"]
[EventDate "2023.??.??"]
[WhiteTeam "SC Hennweiler"]
[BlackTeam "SV Ahlen 1954 e. V."]

1. d4 g6 2. e4 Bg7 3. f4 d6 4. Nf3 c6 5. Be2 Qc7 6. O-O Bg4 7. Ng5 Bxe2 8. Qxe2 Bxd4+ 9. Kh1 Bf6 10. e5 Bxg5 11. exd6 Qxd6 12. fxg5 Nd7 13. Nc3 f5 14. Bf4 e5 15. Rad1 Qe6 16. Rxd7 Kxd7 17. Rd1+ 1-0

[Event "Sparkassen-Open A"]
[Site "Heusenstamm, Martinsee"]
[Date "2023.11.24"]
[Round "3.87"]
[White "Gärtner, Johannes"]
[Black "Gold, Jan Christian"]
[Result "0-1"]
[WhiteElo "1582"]
[BlackElo "1934"]
[PlyCount "82"]
[EventDate "2023.??.??"]
[WhiteTeam "Sfr.Mainz 1928"]
[BlackTeam "SK Bad Homburg 1927"]

1. e4 e5 2. Nf3 Nc6 3. d4 exd4 4. c3 d5 5. exd5 Qxd5 6. cxd4 Bg4 7. Be2 Nf6 8. Nc3 Bb4 9. O-O Bxc3 10. bxc3 O-O 11. c4 Qd6 12. Be3 Ne7 13. Qd2 Ng6 14. h3 Bf5 15. Bd3 Bxd3 16. Qxd3 Rfd8 17. Rfd1 Rd7 18. a4 a5 19. Rab1 b6 20. Qc2 Rad8 21. Rd2 Qe6 22. d5 Qe7 23. Re1 Qb4 24. Rb1 Qd6 25. Rbd1 h6 26. Re1 Re8 27. Rde2 Nf4 28. Rd2 Ng6 29. Rde2 Ne5 30. Nxe5 Rxe5 31. Bd4 Rxe2 32. Qxe2 Rd8 33. Qe7 Re8 34. Bxf6 Rxe7 35. Bxe7 Qd7 36. c5 bxc5 37. Bxc5 Qxd5 38. Be3 Qb3 39. Rc1 Qxa4 40. Rxc7 Qd1+ 41. Kh2 Qd6+ 0-1

[Event "Sparkassen-Open A"]
[Site "Heusenstamm, Martinsee"]
[Date "2023.11.24"]
[Round "3.88"]
[White "Spelleken, Hans-Gerd"]
[Black "Zimmer, Gerald"]
[Result "0-1"]
[WhiteElo "1700"]
[BlackElo "1897"]
[PlyCount "92"]
[EventDate "2023.??.??"]
[WhiteTeam "SC Somborn 1933"]
[BlackTeam "SC Bergen-Enkheim 1922"]

1. Nf3 Nf6 2. b3 g6 3. Bb2 Bg7 4. e3 O-O 5. d4 b6 6. Bd3 Bb7 7. Nbd2 d5 8. Qe2 c5 9. c4 e6 10. Rc1 cxd4 11. Bxd4 Nc6 12. Bc3 Rc8 13. O-O Qe7 14. e4 dxe4 15. Nxe4 Nb4 16. Nxf6+ Bxf6 17. Bb1 Bxc3 18. Rxc3 Rfd8 19. Ne5 Qf6 20. Rg3 Rd4 21. Ng4 Qf4 22. Ne3 Rcd8 23. Rg4 Qe5 24. Rxd4 Rxd4 25. Re1 Qf4 26. Rd1 Nc6 27. g3 Qd6 28. Be4 Qe5 29. Bg2 f5 30. Rxd4 Nxd4 31. Qd1 Bxg2 32. Nxg2 Qe4 33. Ne1 Kf7 34. f3 Qxe1+ 35. Qxe1 Nxf3+ 36. Kf2 Nxe1 37. Kxe1 e5 38. Ke2 Ke6 39. Ke3 Kd6 40. h4 Kc5 41. a3 e4 42. Kd2 Kd4 43. Kc2 e3 44. Kd1 Kc3 45. Ke2 Kxb3 46. Kxe3 Kxa3 0-1

[Event "Sparkassen-Open A"]
[Site "Heusenstamm, Martinsee"]
[Date "2023.11.24"]
[Round "3.89"]
[White "Faß?ler, Felix"]
[Black "Lotz, Ralf"]
[Result "1/2-1/2"]
[WhiteElo "1606"]
[BlackElo "1872"]
[PlyCount "89"]
[EventDate "2023.??.??"]
[WhiteTeam "SC Fulda"]
[BlackTeam "SC 1952 Obertshausen"]

1. e4 e5 2. Nc3 Nc6 3. Bc4 Nf6 4. d3 Bc5 5. f4 d6 6. Nf3 Ng4 7. Ng5 O-O 8. f5 Bf2+ 9. Kf1 Ne3+ 10. Bxe3 Bxe3 11. Nf3 Na5 12. Qe1 Nxc4 13. dxc4 Bb6 14. g4 Bd7 15. Rd1 Qe8 16. Qh4 f6 17. Rd2 Qf7 18. b3 Ba5 19. Rd3 Bxc3 20. Rxc3 b5 21. Rg1 h6 22. Nd2 bxc4 23. Rh3 cxb3 24. axb3 c6 25. g5 fxg5 26. Rxg5 Qf6 27. Qxh6 Qxh6 28. Rxh6 d5 29. Rd6 Rf7 30. exd5 cxd5 31. f6 Rc8 32. Rxg7+ Rxg7 33. fxg7 Bh3+ 34. Ke1 Rxc2 35. Rxd5 e4 36. Nxe4 Bg2 37. Rd8+ Kxg7 38. Rd7+ Kg6 39. Nd2 a5 40. Ra7 Ra2 41. Nc4 Bh3 42. Rxa5 Rxh2 43. Kd1 Bf5 44. Re5 Bc2+ 45. Ke1 1/2-1/2

[Event "Sparkassen-Open A"]
[Site "Heusenstamm, Martinsee"]
[Date "2023.11.24"]
[Round "3.90"]
[White "Reinecke, Katharina"]
[Black "Arkhipenko, Denis"]
[Result "1-0"]
[WhiteElo "1861"]
[BlackElo "1658"]
[PlyCount "129"]
[EventDate "2023.??.??"]
[WhiteTeam "SK Langen"]
[BlackTeam "SC Heusenstamm"]

1. e4 c6 2. Nf3 d5 3. d3 dxe4 4. dxe4 Qxd1+ 5. Kxd1 Bg4 6. Be2 Nd7 7. Ne1 Bxe2+ 8. Kxe2 O-O-O 9. Nd3 g6 10. Be3 Bg7 11. Nd2 Nb6 12. a4 Bd4 13. Bf4 Nd7 14. c3 Bb6 15. a5 Bc7 16. Be3 a6 17. Nc4 Ngf6 18. f3 Ne8 19. h3 Nd6 20. Nd2 e5 21. g4 f5 22. exf5 gxf5 23. g5 Rde8 24. Nb4 f4 25. Bf2 e4 26. fxe4 Nxe4 27. Nxe4 Rxe4+ 28. Kf3 Ree8 29. Nd3 Ne5+ 30. Nxe5 Rxe5 31. Bd4 Rhe8 32. Bxe5 Rxe5 33. h4 Re3+ 34. Kf2 Rg3 35. Rag1 Rd3 36. Rd1 Rg3 37. Rd4 Bb8 38. Re4 Ba7+ 39. Kf1 f3 40. Rf4 Kd7 41. Ke1 f2+ 42. Rxf2 Bxf2+ 43. Kxf2 Rd3 44. Re1 Rh3 45. Re4 Rh2+ 46. Kg3 Rxb2 47. Rb4 Rc2 48. Rxb7+ Ke6 49. Rxh7 Rxc3+ 50. Kg4 Rc5 51. Rh6+ Kf7 52. Rf6+ Kg7 53. h5 Rc4+ 54. Rf4 Rc1 55. h6+ Kg6 56. Rf6+ Kh7 57. Rf7+ Kg8 58. Ra7 c5 59. Rxa6 c4 60. Kf5 Rd1 61. Kg6 Rd8 62. Rc6 Ra8 63. h7+ Kh8 64. Kh6 c3 65. g6 1-0

[Event "Sparkassen-Open A"]
[Site "Heusenstamm, Martinsee"]
[Date "2023.11.24"]
[Round "3.91"]
[White "Held, Bernhard"]
[Black "Pradeep, Harshill"]
[Result "0-1"]
[WhiteElo "1847"]
[BlackElo "1538"]
[PlyCount "150"]
[EventDate "2023.??.??"]
[WhiteTeam "SK 1908 Göggingen"]
[BlackTeam "SK Bickenbach"]

1. e4 e5 2. Nf3 Nc6 3. Bc4 f5 4. d4 fxe4 5. Nxe5 d5 6. Nxc6 bxc6 7. Qh5+ g6 8. Qe5+ Kf7 9. Qxh8 Nf6 10. O-O Qd6 11. Bg5 Bg7 12. Bxf6 Bxh8 13. Bxh8 dxc4 14. Be5 Qb4 15. Nc3 Bf5 16. Nd1 c5 17. c3 Qb6 18. f3 exf3 19. Rxf3 Kg8 20. Ne3 Qxb2 21. Raf1 Be4 22. R3f2 Qxc3 23. Ng4 Bf5 24. Nh6+ Kf8 25. Nxf5 gxf5 26. Rxf5+ Ke7 27. Rf7+ Ke8 28. Rf8+ Kd7 29. Rxa8 cxd4 30. Bf4 d3 31. Bg5 Kc6 32. Rd8 Qe5 33. Bf4 Qe4 34. Bd2 Qe2 35. Bc3 Qc2 36. Bb4 c3 37. Bxc3 Qxc3 38. Rd1 Qc2 39. R8xd3 Qxa2 40. Rc1+ Kb7 41. Rdc3 Qa5 42. h3 Qb6+ 43. Kf1 a5 44. g4 a4 45. Ke2 a3 46. R3c2 a2 47. Ra1 Qb5+ 48. Kd2 Qb4+ 49. Kd3 Qd6+ 50. Kc4 Qe6+ 51. Kb4 Qd6+ 52. Kb3 Qd3+ 53. Kb2 Qxh3 54. Rxa2 Qxg4 55. Kc3 Qf3+ 56. Kd4 h5 57. Kc5 h4 58. Rd2 h3 59. Rac2 Qe3+ 60. Kb4 Kb6 61. Re2 c5+ 62. Kc4 Qd4+ 63. Kb3 Kb5 64. Ka2 Qa4+ 65. Kb1 Qf4 66. Kb2 c4 67. Ka2 Ka4 68. Rc3 h2 69. Rh3 c3 70. Rhxh2 Qf7+ 71. Kb1 Kb3 72. Re1 Qd5 73. Rc2 Qd3 74. Rec1 Qe4 75. Ka1 Qxc2 0-1

[Event "Sparkassen-Open A"]
[Site "Heusenstamm, Martinsee"]
[Date "2023.11.24"]
[Round "3.92"]
[White "Cors, Heinz-Friedrich"]
[Black "Richter, Johanna"]
[Result "1-0"]
[WhiteElo "1841"]
[BlackElo "1529"]
[PlyCount "83"]
[EventDate "2023.??.??"]
[WhiteTeam "Schachforum Darmstadt 1994"]
[BlackTeam "Sfr.Heidesheim"]

1. c4 c5 2. Nc3 Nc6 3. g3 e5 4. Bg2 g6 5. e4 Bg7 6. Nge2 Nge7 7. O-O O-O 8. d3 d6 9. h3 Nd4 10. Nxd4 cxd4 11. Ne2 Rb8 12. Bg5 f6 13. Bd2 f5 14. f4 Be6 15. exf5 Bxf5 16. Qb3 Be6 17. fxe5 dxe5 18. a4 Rxf1+ 19. Rxf1 Qd7 20. Kh2 b6 21. g4 a6 22. Qc2 Rc8 23. b3 Nc6 24. Ng3 Nd8 25. Qd1 Nf7 26. Ne4 Qe7 27. Qe2 Qa3 28. Qd1 Qe7 29. b4 h6 30. Qf3 Rf8 31. Qe2 Bd7 32. b5 a5 33. Bc1 Rc8 34. Qf2 Be6 35. Nf6+ Kh8 36. Bd5 Nd8 37. Qh4 Bxd5 38. Bxh6 Bxf6 39. Bg5+ Kg8 40. Rxf6 Qh7 41. Rf8+ Kxf8 42. Qxh7 1-0

[Event "Sparkassen-Open A"]
[Site "Heusenstamm, Martinsee"]
[Date "2023.11.24"]
[Round "3.93"]
[White "Fleischmann, Theo"]
[Black "Armbrust, Matthias"]
[Result "1/2-1/2"]
[WhiteElo "1578"]
[BlackElo "1838"]
[PlyCount "138"]
[EventDate "2023.??.??"]
[WhiteTeam "SVG CAISSA Kassel"]
[BlackTeam "Mainz"]

1. Nf3 g6 2. g3 Bg7 3. Bg2 d6 4. O-O e5 5. c4 Nc6 6. Nc3 f5 7. d3 Nf6 8. d4 e4 9. Nh4 Nd7 10. e3 O-O 11. Bh1 g5 12. Ng2 Nf6 13. a3 Qe8 14. b4 Qf7 15. Qe2 Ne7 16. Bb2 Ng6 17. Ne1 Be6 18. d5 Bc8 19. Nb5 a6 20. Nd4 Ne5 21. f4 exf3 22. Nexf3 Nxf3+ 23. Bxf3 Qg6 24. Bg2 Bd7 25. c5 Rae8 26. c6 bxc6 27. dxc6 Bc8 28. Qc4+ Kh8 29. Nc2 Ng4 30. Bxg7+ Qxg7 31. Rae1 Qh6 32. h3 Ne5 33. Qc3 Qg6 34. Rf2 h5 35. Ref1 Kh7 36. e4 Rf7 37. exf5 Qg7 38. f6 Qh6 39. Be4+ Kh8 40. Bg2 Ref8 41. Ne3 Rxf6 42. Nd5 Rxf2 43. Rxf2 Rxf2 44. Kxf2 Qg7 45. a4 Be6 46. Kg1 g4 47. hxg4 hxg4 48. Qe3 Bf5 49. b5 axb5 50. axb5 Bc8 51. Qa7 Nf3+ 52. Bxf3 gxf3 53. Qf2 Bg4 54. Nxc7 Qa1+ 55. Kh2 Qb1 56. Qd4+ Kh7 57. Qxg4 Qc2+ 58. Kh3 Qg2+ 59. Kh4 f2 60. Qd7+ Kg8 61. Qe8+ Kh7 62. Qf7+ Kh8 63. Ne6 Qe4+ 64. Kg5 Qe5+ 65. Kh4 Qe4+ 66. g4 Qh1+ 67. Kg5 Qd5+ 68. Kh4 Qh1+ 69. Kg5 Qd5+ 1/2-1/2